000 00466nam a22001817a 4500
003 MPLRDC
005 20220104124037.0
008 210129b ||||| |||| 00| 0 eng d
082 _a889 LMSJ v.732
100 _a艾玛. 戈瑞克
245 _a温柔的恶魔
_c陈如玲译
250 _a初版
260 _a
_b骏马文化公司
_c1988
300 _b
490 _a罗曼史集. 732
650 _a西洋小说之中文翻译
942 _cBK
_o889 LMSJ v.732
999 _c16195
_d16185